书目信息 |
| 题名: |
De Morgan代数
|
|
| 作者: | 罗从文 著 | |
| 分册: | ||
| 出版信息: | 北京 北京理工大学出版社 2005 |
|
| 页数: | 144页 | |
| 开本: | 21cm | |
| 丛书名: | ||
| 单 册: | ||
| 中图分类: | O153.1 | |
| 科图分类: | ||
| 主题词: | 格--研究 , 格 , 序--研究 , 序 | |
| 电子资源: | ||
| ISBN: | 7-5640-0582-3 | |
| 000 | 00801nam0 2200253 450 | |
| 001 | 003074885 | |
| 005 | 20061121084736.76 | |
| 010 | @a7-5640-0582-3@dCNY10.00 | |
| 100 | @a20060210d2005 em y0chiy0110 ea | |
| 101 | 0 | @achi |
| 102 | @aCN@b110000 | |
| 105 | @ay z 000yy | |
| 200 | 1 | @aDe Morgan代数@9De Morgan dai shu@f罗从文著 |
| 210 | @a北京@c北京理工大学出版社@d2005 | |
| 215 | @a144页@d21cm | |
| 330 | @a本书共分5章,阐述了De Morgan代数的各种构造和表示定理,借助于De Morgan代数的对偶理论,论述了De Morgan代数的同余关系的结构,介绍了伪补De Morgan代数并扼要论述了Kleene-Stone逻辑函数。 | |
| 606 | 0 | @a格@x研究 |
| 606 | 0 | @a格 |
| 606 | 0 | @a序@x研究 |
| 606 | 0 | @a序 |
| 690 | @aO153.1@v4 | |
| 701 | 0 | @a罗从文@9luo cong wen@4著 |
| 801 | 0 | @aCN@bNLC@c20061121 |
| 905 | @a10447@dO153.1@e43 | |
| De Morgan代数/罗从文著.-北京:北京理工大学出版社,2005 |
| 144页;21cm |
| ISBN 7-5640-0582-3:CNY10.00 |
| 本书共分5章,阐述了De Morgan代数的各种构造和表示定理,借助于De Morgan代数的对偶理论,论述了De Morgan代数的同余关系的结构,介绍了伪补De Morgan代数并扼要论述了Kleene-Stone逻辑函数。 |
| ● |
| 相关链接 |
|
|
|
|
正题名:De Morgan代数
索取号:O153.1/43
 
预约/预借
| 序号 | 登录号 | 条形码 | 馆藏地/架位号 | 状态 | 备注 |
| 1 | 0393992 | 203939925 | 第二样本阅览室/ [索取号:O153.1/43] | 在馆 | |
| 2 | 0393993 | 203939934 | 第三借阅区/ [索取号:O153.1/43] | 在馆 | |
| 3 | 0393994 | 203939943 | 第三借阅区/ [索取号:O153.1/43] | 在馆 | |
| 4 | 0393995 | 203939952 | 第三借阅区/ [索取号:O153.1/43] | 在馆 | |
| 5 | 0393996 | 203939961 | 第三借阅区/ [索取号:O153.1/43] | 在馆 |